| 000 | 01183nam a2200325 c 4500 | ||
|---|---|---|---|
| 003 | BLK | ||
| 005 | 20210527145928.0 | ||
| 008 | 180408b bul|||||r ||||||| ||bul|| | ||
| 010 | _aKNG00058096000 | ||
| 020 |
_a954-535-425-9 _bиздат.: Нов бълг. унив. |
||
| 040 | _aBLK | ||
| 041 |
_aBUL _cBUL |
||
| 080 |
_aОбща световна история. История на света _b930.9 _x"19" _z930.9"19" |
||
| 100 | 1 |
_aЦветков, Пламен Симеонов _eпърви автор _9365784 |
|
| 139 |
_aЦветков, Пламен Симеонов _bЦ 34 |
||
| 245 | 1 | 0 |
_aСветът през ХХ век _cПламен Симеонов Цветков. |
| 257 | _aBGR | ||
| 260 |
_аСофия _bНов бълг. унив. _c2005 |
||
| 300 |
_a416 с. _c23 см |
||
| 380 | _a9 | ||
| 490 | 1 | _aArtes liberales : Основни книги по общо образование | |
| 650 | 4 |
_aИстория, световна _9261939 |
|
| 653 | _aистория на света | ||
| 653 | _aХХ в. | ||
| 852 | _aЦб 226323 | ||
| 856 | 4 |
_qpdf _u |
|
| 856 | 4 |
_qpdf _u |
|
| 942 |
_cKNG _n0 _01 |
||
| 944 |
_aCR _c03.02.2006 _kГеновева_Генчева |
||
| 944 |
_aED _c02.03.2007 _k |
||
| 999 |
_c54152 _d54152 |
||